000 00295nam a2200121Ia 4500
008 231129s9999||||xx |||||||||||||| ||spa||
040 _bspa
082 _a185 A716t
100 _aAristóteles
245 0 _aLa Polí­tica
264 _aMedellí­n Colombia : Cometa de Papel
942 _2ddc
_cBKS
999 _c17964
_d17964